A Text Book of Organic Chemistry (Record no. 9531)

MARC details
000 -LEADER
fixed length control field 00430nam a2200169Ia 4500
008 - FIXED-LENGTH DATA ELEMENTS--GENERAL INFORMATION
fixed length control field 221030s9999 xx 000 0 und d
020 ## - INTERNATIONAL STANDARD BOOK NUMBER
ISBN 8188477222
041 ## - LANGUAGE CODE
Language code of text/sound track or separate title
082 ## - DEWEY DECIMAL CLASSIFICATION NUMBER
Classification number 105.23
100 ## - MAIN ENTRY--AUTHOR NAME
Personal name M. K. Jain
245 #2 - TITLE STATEMENT
Title A Text Book of Organic Chemistry
Statement of responsibility, etc by M. K. Jain, S. C. Sharma
260 ## - PUBLICATION, DISTRIBUTION, ETC. (IMPRINT)
Name of publisher Shoban Lal Nagin
Place of publication Jalandhar
Year of publication 2010
300 ## - PHYSICAL DESCRIPTION
Number of Pages 1312
650 ## - SUBJECT ADDED ENTRY--TOPICAL TERM
Topical Term Chemistry
700 ## - ADDED ENTRY--PERSONAL NAME
Personal name S. C. Sharma
942 ## - ADDED ENTRY ELEMENTS (KOHA)
Koha item type Books
Holdings
Accession Number Cost, normal purchase price Bill Date Full call number Source of acquisition Price effective from Koha item type Withdrawn / writtenoff status Materials specified (bound volume or other part) Damaged status Not for loan Permanent Location Current Location Shelving location Date acquired Lost/ Missing status department
BE 11885 350.00 2598 105.23 RKB 10/30/2022 Books   Print   Not For Loan MIET Library, Jammu MIET Library, Jammu BL-Academic Block B, FL-1, CUP-59, SH-5, R-5 09/09/2011   BE
BE 11886 350.00 2598 105.23 RKB 10/30/2022 Books   Print     MIET Library, Jammu MIET Library, Jammu BL-Academic Block C, FL-2, CUP-88, SH-6, R-6 09/09/2011   BE